| 000 -LEADER |
| fixed length control field |
02133cam a22003857a 4500 |
| 001 - CONTROL NUMBER |
| control field |
15962047 |
| 003 - CONTROL NUMBER IDENTIFIER |
| control field |
NUST |
| 005 - DATE AND TIME OF LATEST TRANSACTION |
| control field |
20191028112553.0 |
| 008 - FIXED-LENGTH DATA ELEMENTS--GENERAL INFORMATION |
| fixed length control field |
091027s2009 maua b 001 0 eng d |
| 010 ## - LIBRARY OF CONGRESS CONTROL NUMBER |
| LC control number |
2009279323 |
| 020 ## - INTERNATIONAL STANDARD BOOK NUMBER |
| International Standard Book Number |
9781596933293 |
| 020 ## - INTERNATIONAL STANDARD BOOK NUMBER |
| International Standard Book Number |
1596933291 |
| 035 ## - SYSTEM CONTROL NUMBER |
| System control number |
(OCoLC)ocn326508989 |
| 038 ## - RECORD CONTENT LICENSOR |
| Staff Name |
MSOHAIL |
| 040 ## - CATALOGING SOURCE |
| Original cataloging agency |
BTCTA |
| Transcribing agency |
BTCTA |
| Modifying agency |
YDXCP |
| -- |
COD |
| -- |
BWX |
| -- |
DLC |
| 042 ## - AUTHENTICATION CODE |
| Authentication code |
lccopycat |
| 050 00 - LIBRARY OF CONGRESS CALL NUMBER |
| Classification number |
TL798.N3 |
| Item number |
G59 2009 |
| 082 00 - DEWEY DECIMAL CLASSIFICATION NUMBER |
| Classification number |
910.285 |
| Edition number |
22 |
| 245 00 - TITLE STATEMENT |
| Title |
GNSS applications and methods / |
| Statement of responsibility, etc. |
Scott Gleason, Demoz Gebre-Egziabher, editors. |
| 260 ## - PUBLICATION, DISTRIBUTION, ETC. |
| Place of publication, distribution, etc. |
Boston, Mass. : |
| Name of publisher, distributor, etc. |
Artech House, |
| Date of publication, distribution, etc. |
c2009. |
| 300 ## - PHYSICAL DESCRIPTION |
| Extent |
xvii, 508 p. : |
| Other physical details |
ill. ; |
| Dimensions |
26 cm. + |
| Accompanying material |
1 DVD-ROM (digital : col. ; 4 3/4 in.). |
| 490 1# - SERIES STATEMENT |
| Series statement |
GNSS technology and applications series |
| 500 ## - GENERAL NOTE |
| General note |
Accompanied by DVD-ROM containing processing tools and data sets. |
| 504 ## - BIBLIOGRAPHY, ETC. NOTE |
| Bibliography, etc. note |
Includes bibliographical references and index. |
| 505 0# - FORMATTED CONTENTS NOTE |
| Formatted contents note |
Global navigation satellite systems: present and future -- GNSS signal acquisition and tracking -- GNSS navigation: estimating position, velocity, and time -- Differential GNSS: accuracy and integrity -- A GPS software receiver -- Integration of GNSS and INS: part 1 -- Integration of GNSS and INS: part 2 -- Integrated LADAR, INS, and GNSS navigation -- Combining GNSS with RF systems -- Aviation applications -- Integrated GNSS and LORAN systems -- Indoor and weak signal navigation -- Space applications -- Geodesy and surveying -- Atmospheric sensing using GNSS occultations -- Remote sensing using bistatic GNSS reflections -- New navigation signals and future systems in evolution. |
| 538 ## - SYSTEM DETAILS NOTE |
| System details note |
Accompanying software compatible with Windows, Linux, or Macintosh. |
| 650 #0 - SUBJECT ADDED ENTRY--TOPICAL TERM |
| Topical term or geographic name entry element |
Artificial satellites in navigation. |
| 9 (RLIN) |
24847 |
| 650 #0 - SUBJECT ADDED ENTRY--TOPICAL TERM |
| Topical term or geographic name entry element |
Global Positioning System. |
| 9 (RLIN) |
21037 |
| 700 1# - ADDED ENTRY--PERSONAL NAME |
| Personal name |
Gleason, Scott. |
| 9 (RLIN) |
24849 |
| 700 1# - ADDED ENTRY--PERSONAL NAME |
| Personal name |
Gebre-Egziabher, Demoz. |
| 9 (RLIN) |
24850 |
| 830 #0 - SERIES ADDED ENTRY--UNIFORM TITLE |
| Uniform title |
GNSS technology and applications series. |
| 9 (RLIN) |
24846 |
| 906 ## - LOCAL DATA ELEMENT F, LDF (RLIN) |
| a |
7 |
| b |
cbc |
| c |
copycat |
| d |
2 |
| e |
ncip |
| f |
20 |
| g |
y-gencatlg |
| 942 ## - ADDED ENTRY ELEMENTS (KOHA) |
| Source of classification or shelving scheme |
|
| Koha item type |
Book |